European sustainable cities : report

Αποθηκεύτηκε σε:
Λεπτομέρειες βιβλιογραφικής εγγραφής
Συγγραφή απο Οργανισμό/Αρχή: Commission of the European Communities. Directorate-General Environment, Nuclear Safety and Civil Protection
Μορφή: Βιβλίο
Γλώσσα:English
Δημοσίευση: Luxembourg : Office for official Publication of the European Communities, 1996
Θέματα:
Ετικέτες: Προσθήκη ετικέτας
Δεν υπάρχουν, Καταχωρήστε ετικέτα πρώτοι!

MARC

LEADER 00000nam a2200000 i 4500
001 1/17370
008 981006s1996 eng d
020 |a 92-827-8259-X 
035 |l 10020531 
040 |a GR-MY-UA  |b gre  |e aacr 
041 0 |a eng 
082 0 |a 307.1216094 
110 2 |a Commission of the European Communities.   |b Directorate-General Environment, Nuclear Safety and Civil Protection. 
245 1 0 |a European sustainable cities :  |b report /  |c Expert Group on the Urban environment, European Commission, Directorate General XI, Environment, Nuclear Safety and Civil Protection 
260 |a Luxembourg :   |b  Office for official Publication of the European Communities,   |c 1996 
300 |a 303 p.  |b fig. 
504 |a Includes bibliographical references and index 
650 0 0 |a City planning  |x Environmental aspects  |z European Union countries. 
650 0 0 |a Urban policy  |x Environmental aspects  |z European Union countries. 
650 0 0 |a Sustainable development  |z European Union countries. 
852 |a INST  |b LESVOS  |e 19981006  |h 307.1216094 EUR  |p 005100012917  |q 005100012917  |t BK  |y 0 
901 |a BIBL-1998-3 
909 |a Λ  |b 059270 
922 |a 1ΕΛΗ  |b 199809  |c ΚΠΣ/ΤΠ  |d ΠΑΠΑΣΩΤΗΡΙΟΥ 
950 |a 107-1998-05-19